00611nam a2200217 a 450000100060000000300090000600800410001502000150005604000280007108200150009910000180011424500230013225000090015526000510016430000110021549000330022665000290025965000280028865000560031665000210037210925CO-ViMGA141112s2004 ck r 000 u spa d a9681614569 aCO-ViMGAbspacCO-ViMGA04a301.21 L351 aFowler, Roger10aLenguaje y control a1983 aMexico, cFondo de Cultura Económica, c1983 a287 p. aLengua y estudios literarios14aIDEOLOGIA Y COMUNICACION14aLIBERTAD DE INFORMACION14aMEDIOS DE COMUNICACION DE MASAS - ASPECTOS SOCIALES14aSOCIOLINGUISTICA